| 000 | 00407nam a2200133Ia 4500 | ||
|---|---|---|---|
| 008 | 220217s9999||||xx |||||||||||||| ||und|| | ||
| 020 | _a0-02-361942-2 | ||
| 082 | _a621.382 2 KAM | ||
| 100 |
_aKamen, Edward, W Heck, Bonnies, S _93453 |
||
| 245 | 0 | _aFundamentals of signals and systems: using matlab | |
| 260 |
_aPrentice hall _bNew Jersey _c1997 |
||
| 300 | _b1200 | ||
| 650 |
_aSIGNAL PROCESSING _9719 |
||
| 999 |
_c171948 _d171948 |
||